00573nam a22001817a 450000500170000001000150001702000270003203500130005903700130007208200130008510000170009824500940011526000300020927000840023930000270032350000190035070000220036920160112130213.0 aENG-114402 a9789351436089c1295.00 aEN-97934 bDBAD/PUB a382.0954 aKalirajan D. aPractical giude on foreign trade policy /cby Kalirajan D ; foreworded by R. Venkatramani aGurgaonbLexisNexisc2015 a14th Floor, Building No.10, Tower-B, DLF Cyber City, Phase-II bGurgaone122002 axxii,1599p.c25cm(pbk) aIncludes index aVenkataramani, R.